01512nam a2200337 a 4500001001000000003000900010005001700019007000300036008004100039020001800080040002500098082001400123111007400137245010200211250002300313260004400336300002000380590002700400650004700427650006200474710005100536710004600587711007000633910001100703942001300714952010200727952009600829952010200925952013001027999001701157000044681DO-SdBNP20230123112718.0ta110412s2012 dr fr 000 0 spa d a9789945883206 aDO-SdBNPbspacBNPHU 4222aC969r2 aCumbre judicial Iberoamericana n(XIVd2008:cBrasilia-Brasil)95587110a"Reglas de Brasilia sobre acceso a la justicia de las personas en condición de vulnerabilidad". a2da. reimpresión aSanto Domingo :bPoder Judicial,c2012. a34 p. ;c22 cm. aInventariado 2023 / MF 4910342aDerechos CivileszBrasilia - Brasil 4934958aDiscriminaciónxLegislaciónzBrasilia - Brasil2 aPoder Judicial (República Dominicana)9764052 aOficina Técnica de Cooperación9830462 aXIV Cumbre judicial Iberoamericana cBrasilia-Brasild2008983045 aMFeliz 2ddccLF2 00102ddc51708PDaBNPHUbBNPHUcCTd2014-12-16o p44681-30r2020-06-25te. 3w2020-06-25yLF2 00102ddc51708PDaBNPHUbBNPHUcCTd2014-12-16o p44681-10r2020-06-25w2020-06-25yLF2 00102ddc51708PDaBNPHUbBNPHUcCTd2014-12-16o p44681-20r2020-06-25te. 2w2020-06-25yLF2 00102ddc56708DSaBNPHUbBNPHUcHDd2015-01-23eHipólito Carrascol0oC969rp2023-0366r2023-01-23te.4w2023-01-23yLF2 c44170d44170